MDQL
is popping MORE tags! Check the
thread
!
Quizzes
Events
Quiz Creation
Community
Videos
Private Events
Remove Ads
Sign In
Join for FREE
Feedback
Dark Mode
Quiz Categories
Sports
Geography
Music
Movies
Television
Just For Fun
Miscellaneous
History
Literature
Language
Science
Gaming
Entertainment
Religion
Holiday
For Kids
Quiz Lab
Recent
Popular Today
Quiz Kudos Today
Editor Picks
Curator Picks
Quizzes by...
Day
Popularity
Type
Ratings
Length
Year
Community
Subscriptions
Recent Discussions
Orange Saloon
Badges
Playlists
Quests
Create
Leaderboards
Showdown
Live 5
Trivia Bingo
Activity
Puzzle Library
Sporcle Events
Private Events
Virtual Trivia
Globe League
Become a Host
Pub Owners
SporcleCon
Opinionation
Our Games
Videos
Blog
Mobile Apps
Partnerships
Remove Ads and Go Orange
Feedback
Sports
Athletes
MLB
NBA
NHL
NFL
Soccer
Sports Teams
WWE
NCAA
Football
Premier League
Basketball
Baseball
Hockey
Golf
Tennis
Cricket
Rugby
Auto Racing
Olympics
World Cup
Sports
Athletes
MLB
NBA
NHL
NFL
Soccer
Sports Teams
WWE
NCAA
Football
Premier League
Basketball
Baseball
Hockey
Golf
Tennis
Cricket
Rugby
Auto Racing
Olympics
World Cup
Random Quiz
Search Sporcle
×
Quiz Lab
Quiz Lab
Sports
Nation
Type in answers that appear in a list
Type in answers that appear in a list
Classic
Best Score? Go Orange.
Countries That Have Beaten The German Football Team Stats
Can you name the Countries That Have Beaten German Football Team Before??
By
Tommy2215
5m
40 Questions
320 Plays
320 Plays
320 Plays
Comments
Comments
Give Quiz Kudos
Give Quiz Kudos
-
- Ratings
hide this ad
Replay
Link that replays current quiz
Next Quiz
Link to next quiz in quiz playlist
You Got
0%
They Got
Avg Score
82%
Avg Friend Score
Upgrade to see
Score Distribution
Jump to the score distribution portion of the page
Score
0/40
Timer
05:00
0
Plays Today
No. of Times Beaten Germany
Nation
% Correct
12
Brazil
98.4%
8
Argentina
98.4%
15
England
98.1%
15
Italy
97.8%
11
France
96.9%
10
Netherlands
96.9%
7
Spain
96.9%
3
United States
96.3%
3
Portugal
95%
13
Sweden
94.7%
8
Austria
92.2%
4
Belgium
91.9%
9
Switzerland
91.6%
1
Mexico
90.3%
8
Denmark
88.8%
2
Norway
87.8%
5
Republic of Ireland
87.5%
3
Soviet Union
86.9%
2
Croatia
86.9%
1
Uruguay
86.9%
No. of Times Beaten Germany
Nation
% Correct
4
Scotland
85.3%
11
Hungary
83.8%
3
Turkey
80%
2
Chile
79.7%
1
Finland
79.1%
2
Romania
78.8%
1
Australia
78.1%
1
Serbia
78.1%
2
Wales
77.8%
3
Bulgaria
76.9%
1
South Korea
74.7%
7
Yugoslavia
73.8%
2
Czech Republic
71.9%
2
Northern Ireland
68.1%
2
Slovakia
68.1%
4
Czechoslovakia
64.1%
1
Egypt
63.8%
2
Algeria
58.1%
1
East Germany
54.7%
1
Luxembourg
30.6%
Quiz Playlist
Details
Report
Send in Message
Add To Playlist
Classic:
Type in answers that appear in a list
Last Updated: Feb 16, 2017
Quiz Scoreboard
CHALLENGE
Sign Up to Join the Scoreboard
Show All
Scores
Hide
Comments
May contain spoilers
Recently Published
Holiday 10x10 Sorting Gallery
by lukepisani3
Holiday
15m
Two Season TV Shows II
by 123Four
Television
10m
Image Sorting: Flags VI
by Barbecue
Geography
2m
More to Explore
Quiz From the Vault
Featured Blog Post
14 Easter Pick-up Lines to Find Eggs With
hide this ad
You Might Also Like...
Tags
Country Quiz
Football Quiz
German Quiz
Nation Quiz
beaten
before
Germany
team
Today's Top Quizzes in Sports
Browse Sports
hide this ad
Today's Top Quizzes in Nation
Browse Nation
Top Contributed Quizzes in Sports
1
Les meilleurs buteurs des matchs entre le PSG et l’OM
2
Les entraîneurs de l'OM et du PSG au 21e siècle
3
2022 World Cup Stars
4
Les joueurs passés par le PSG et l'OM
5
Players with Multiple 50 Home Run Seasons
6
FIFA Club World Cup Champions
7
Criteria MLB: Left Handed Sluggers
8
Les joueurs passés par le LOSC et le RC Lens
9
Top 10 NHL Goal Scorers of All Time
10
NBA Logic Puzzle 2.0
Explore More
Trending Topics
NBA
Harry Potter
Marvel
Anime
Crossword
Disney
Kpop
Puzzle
The Office
Country
Soccer
Pokémon
WWE
NFL
Song
hide this ad
More By:
Tommy2215
Quiz
Plays
Rating
Category
Featured
Created
All of The Fairly Odd Parents Characters?
849
3.00
Television
May 7, 2011
Name All Spongebob Squarepants Characters
566
1.00
Television
May 6, 2011
Countries That Have Beaten The German Football Team
320
4.60
Sports
Oct 31, 2012
Players Who Have Played For Chelsea F.C.?
192
4.00
Sports
Nov 1, 2012
African Cup of Nations Hosts
181
4.00
Sports
Oct 31, 2012
Go to Creator's Profile
Score Distribution
Quiz Creator Spotlight
Tommy2215
Follow
Send a Message
Quizzes Created
-
Created Quiz Play Count
-
More By This Creator
Popular Quizzes Today
1
Find the US States - No Outlines Minefield
2
Colored Red Africa Blitz
3
Find the 'City' Movie
4
The Countries of the World
5
5x2 Blitz: Bands
6
Find the Countries of Europe - No Outlines Minefield
7
Find the US States
8
US States
More Sports Quizzes
MLB RBI Leaders (Career)
Published
Trending Quizzes
Colored Red Europe Blitz I
Colored Red Africa Blitz II
Colored Red Europe Blitz II
Even More Two Season TV Shows
Colored Red Africa Blitz III
Recently Updated
Odd Team Out - Big 4 Players
pecheneg
Quick Pick: 20 Twenties
pecheneg
March Madness Men's Triple Doubles
pecheneg
How Do You Spell That?
pecheneg
Godzilla Movies
pecheneg
Grab Bag: 4-10 Letters
pecheneg
2024 March Madness Bracket
pecheneg
Famous TV Couples
Peacemaker
Champions League XIs: Real Madrid
pecheneg
Largest US Cities 1790-2010
pecheneg
Trending Topics
Harry Potter
NBA
Disney
Marvel
Crossword
Kpop
Anime
Pokémon
Song
NFL
Puzzle
The Office
WWE
Soccer
Country
Your Account Isn't Verified!
In order to create a playlist on Sporcle, you need to verify the email address you used during registration. Go to your
Sporcle Settings
to finish the process.
Report this User
Report this user for behavior that violates our
Community Guidelines
.
Details:
Send Report
Go to the Sporcle.com Mobile Site →
Comments